000
00290nam a2200133Ia 4500
003
OSt
005
20240101045612.0
008
170523s9999 xx 000 0 und d
020
_a
9789385915475
040
_c
IIMTU
100
_a
Chaurasia- B.D
245
0
_a
Human Anatomy
942
_2
ddc
_c
02
999
_c
10822
_d
10822